W jakim kraju znajduje się to miasto? - Statystyki

Ogólne statystyki
  • Ten quiz został rozwiązany 38 razy
  • Średni wynik to 11 z 15
Statystyki odpowiedzi
Zagadnienie Odpowiedź % Poprawnych
Bejrut Liban
89%
Santiago Chile
84%
Genewa Szwajcaria
84%
Trondheim Norwegia
81%
Krasnodar Rosja
81%
Aleksandria Egipt
78%
Tuluza Francja
78%
Islamabad Pakistan
78%
Maribor Słowenia
78%
Johannesburg RPA
76%
Goteborg Szwecja
76%
Brno Czechy
73%
Portoryko Usa
51%
Połock Białoruś
41%
San Jose USA
38%
Nie znaleziono quizów pasujących do podanych kryteriów
Rozkład punktacji
Procent ludzi z każdym wynikiem
Percentyl według liczby udzielonych odpowiedzi
Twoja historia wyników
Nie rozwiązałeś tego quizu